Initiales de villes françaises - Statistiques

Statistiques générales
  • Ce quiz a été pris 118 fois
  • Le résultat moyen est 10 sur 18
Statistiques - réponses
Initiales Région Commune % Correct
SD La Réunion Saint-Denis
96%
SE Auvergne-Rhône-Alpes Saint-Etienne
95%
FDF Martinique Fort-de-France
78%
SM Bretagne Saint-Malo
75%
PV Corse Porto-Vecchio
73%
AEP Provence-Alpes-Côte-D'Azur Aix-en-Provence
72%
MDM Nouvelle-Aquitaine Mont-de-Marsan
70%
LRSY Pays de la Loire La-Roche-sur-Yon
63%
SLDM Guyane Saint-Laurent-du-Maroni
54%
VDA Hauts-de-France Villeneuve-d'Ascq
52%
CEC Normandie Cherbourg-en-Cotentin
50%
LA Guadeloupe Les Abymes
49%
SGEL Île-de-France Saint-Germain-en-Laye
49%
CEC Grand Est Châlons-en-Champagne
44%
RL Centre-Val de Loire Romorantin-Lanthenay
27%
VDR Occitanie Villefranche-de-Rouergue
24%
CCSL Bourgogne-Franche-Comté Cosne-Cours-sur-Loire
21%
KK Mayotte Kani-Kéli
5%
Aucun quiz correspondant
Distribution des résultats
% des personnes avec chaque résultat
Percentile par nombre de réponses
Votre historique - résultats
Vous n’avez pas pris ce quiz